00358nam a2200133Ia 4500008004100000020002200041041000800063082001500071100001700086245003900103260003900142300001400181700002900195220530s9999 xx 000 0 und d a978-81-203-3783-1 aeng a604.2bKUL aKulkarni D M aEngineering Graphics with Auto CAD aHaryanabPHI Learnig Pvt Ltdc2012 a326 PbPB a Sarkar A K Rastogi A P